000 00612nam a2200229 4500
003 OSt
005 20260601193846.0
008 260420b1975 ag |||| |||| 00| 0 spa d
040 _aICI
_bspa
_cICI
050 _aTS156.Q3
_b F473
100 1 _aFetter, Robert B.
_931504
245 1 _aSistemas de Control de Calidad
250 _a2
264 _b Ateneo,
_c1975
_a Buenos Aires
300 _a178 páginas
336 _atexto
_2rdacontent
337 _asin medio
_2rdamedia
338 _avolumen
_2rdacarrier
490 _a Biblioteca de ciencias económicas
650 _aControl de calidad
942 _2ddc
_cB
999 _c21656
_d21656